Pengurusan dalam Islam

Bibliographic Details
Main Author: AHMAD Ibrahim Abu Sin 1935-
Other Authors: Abdul Rashid Ngah, Jusoh Kadir
Format: Book
Published: Kuala Lumpur : DBP , 1997
Subjects:

MARC

LEADER 00000cam a2200000 7i4500
001 0000000272
005 20000726.0
020 0 0 |a 9836220569 
090 0 0 |a 297.19785   |b AHM 1997 
100 0 0 |a AHMAD Ibrahim Abu Sin   |c 1935- 
245 1 0 |a Pengurusan dalam Islam   |c Ahmad Ibrahim Abu Sin; penterjemah Abd Rashid Ngah dan Jusoh Kadir 
260 0 0 |a Kuala Lumpur :   |b DBP ,   |c 1997 
300 |a xvi, 348 p. ;   |c 22 cm. 
500 0 0 |a Bibliography: [p. 343-344] and index   |a Translated from: "Al-Idarah fi Islam". Maktabah wahbah, 1984 
650 0 0 |a Management   |x Religious aspects   |x Islam 
700 0 1 |a Abdul Rashid Ngah 
700 0 1 |a Jusoh Kadir 
999 |a 0000001427   |b Monograph   |c Open Shelf   |e Default branch